倉太急行電鉄が乗り入れている駅 - Statistics

General Stats
  • This quiz has been taken 21 times
    3 since last reset
  • The average score is 98 of 169
Answer Stats
Answer % Correct
咲島港
100%
島北出坂
100%
県道
100%
桐立
100%
近岸
100%
青山土手
100%
電鉄坊崎
100%
御東
100%
船上湯本
100%
天玉寺
100%
大岩咲島関南大前
100%
木古川
100%
笠丘
100%
中田公園前
100%
西桐台
100%
倉急鈴川
100%
箱重
100%
若部
100%
南若部
100%
烏倉
100%
谷沢
100%
智美丸子
100%
砥田市
100%
丸江津
100%
佐々江
100%
本浦本
100%
五段下
100%
仏保町
100%
二越前
100%
武高川
100%
プール前
100%
鯖洲
100%
前田
100%
瀬田
100%
浦本
100%
時定
100%
新時定
100%
泣川
100%
常総山台
100%
八幡通
100%
三城市
100%
湯霧湯本
100%
八倉
100%
鶴浜
100%
藤戸
100%
富田
67%
中原台
67%
八つ橋
67%
助が丘
67%
咲西浜
67%
海央皇
67%
桐立埠頭
67%
小島
67%
二海辻
67%
七島新町
67%
兜島中央
67%
上砥
67%
咲東崎
67%
新咲市場
67%
葛敷
67%
神在月
67%
北小木野
67%
十が原
67%
七島
67%
マイ大前
67%
新桐立
67%
宮口
67%
東神
67%
荒居橋
67%
南五段下
67%
竹之内
67%
堤巳
67%
一ノ島五丁目
67%
美音倉
67%
宮前
67%
鳩麦
67%
平見
67%
茅新田
67%
太刀洗川
67%
當辺
67%
五百部
67%
中ノ橋
67%
釜海岸
67%
西釜
67%
仲町
67%
瀬野
67%
鎌浦海岸
67%
尼野
67%
石切町
67%
石切
67%
電鉄稲荷
67%
稲荷町
67%
柿原
67%
糸石
67%
筑原
67%
長野浜
67%
新高津
67%
出沼
67%
常総赤木
67%
佐川本郷
67%
赤嶺山
67%
67%
扇川
67%
狭崎
67%
榊宮
67%
水音
67%
蒼風中央
67%
豆島口
33%
久米浜
33%
上星谷
33%
稲久保
33%
板門北町
33%
遠谷町
33%
東箱重
33%
思月入の潮
33%
三栗亀浦
33%
三栗弓浜
33%
湾岸砥南
33%
片浜港
33%
市役所前
33%
大物
33%
百船
33%
鎌浦市
33%
那間公園
33%
那間
33%
神城
33%
笹平
33%
西久萬
33%
久萬
33%
菱大前
33%
33%
前川
33%
南本
33%
伊南倉
33%
伊南
33%
九十九川
33%
志野川
33%
常総仲浜
33%
水船
33%
鶴幡
33%
新鶴浜
33%
小木野
0%
城見台
0%
七島城公園
0%
谷海口
0%
谷海町
0%
釜岩
0%
鐘叉
0%
鎌浦本町
0%
北浦
0%
槻濃国分寺
0%
槻ヶ丘
0%
四万川温泉
0%
桜井
0%
中坂
0%
静河
0%
酒留
0%
輪宮市
0%
小船
0%
温海
0%
川倉温泉
0%
福部山
0%
御園
0%
成立
0%
枷浜
0%
御殿座
0%
逢梨
0%
弦河
0%
NITS車輛前
0%
No matching quizzes found
Score Distribution
Percent of People with Each Score
Percentile by Number Answered
Your Score History
You have not taken this quiz since the last reset